| 000 | 00698nam a2200193Ia 4500 | ||
|---|---|---|---|
| 003 | GCL | ||
| 008 | 140319s9999 xx 000 0 ara d | ||
| 040 |
_aGCL / _cGCL |
||
| 082 | 0 | 4 |
_a811.5 _bر د |
| 100 | 1 | _aابن الرومى : ابوالحسن على بن عباس بن جريح | |
| 245 | 1 | 0 |
_aديوان ابن الرومى / _cابن الرومى : ابوالحسن على بن عباس بن جريح |
| 700 | 1 | _aعبد ا. مهنا | |
| 260 |
_a[S.N] : _bمنشورات دار مكتبة الهلال ، _c1991 |
||
| 490 | _a | ||
| 650 | 0 | 4 | _aالشعر العربى |
| 650 | 0 | 4 | _aدواوين وقصائد |
| 650 | 0 | 4 | _aالدولة العباسية الثانية |
| 942 |
_2ddc _cBK |
||
| 999 |
_c55806 _d55806 |
||